000
00297nam a2200109Ia 4500
008
171205s9999 xx 000 0 und d
020
_a
9781473979741
100
_a
Bates, Bob
245
2
_a
A Quick Guide to Special Needs and Disabilities
260
_b
SAGE Publications
_c
2017
300
_a
240 pages
999
_c
347401
_d
347401